000 00468ntaaa2200181 4500
003 01
005 20251027202326.0
008 0714s1973 ag 01
040 _aAR-BaBN
_bspa
_cAR-BaBN
_eaacr
_dRIC
082 _a290.0100 St5
100 _aStilson, Max
_921854
245 _aMajor religions of the world
250 _a1 ed.
260 _aGrand Rapids :
_bZondervan Publishing House,
_cc1964
300 _a123 p
650 _areligiones comparadas
_93333
942 _cBK
999 _c18086
_d18086